000 nam a22 7a 4500
999 _c8119
_d8119
008 171128b xxu||||| |||| 00| 0 eng d
100 _aJames,Jos
_94562
245 _aLeadership Techniques in Physical Eduvation
260 _aNew Delhi
_bFriends Publication
_c2008